A szobor álma emlékezés Trianonra : [vers] /

Elmentve itt :
Bibliográfiai részletek
Szerző: Bucsy Jenő
Dokumentumtípus: Cikk
Megjelent: 1938
Sorozat:Gyakorlati pedagógia 4 No. 5
Kulcsszavak:Magyar irodalom - vers
Tárgyszavak:
Online Access:http://acta.bibl.u-szeged.hu/51614
LEADER 00663nab a2200193 i 4500
001 acta51614
005 20250409121422.0
008 180427s1938 hu o 000 hun d
040 |a SZTE Egyetemi Kiadványok Repozitórium  |b hun 
041 |a hun 
100 1 |a Bucsy Jenő 
245 1 2 |a A szobor álma   |h [elektronikus dokumentum] :  |b emlékezés Trianonra : [vers] /  |c  Bucsy Jenő 
260 |c 1938 
300 |a 288-290 
490 0 |a Gyakorlati pedagógia  |v 4 No. 5 
650 4 |a Bölcsészettudományok 
650 4 |a Nyelvek és irodalom 
695 |a Magyar irodalom - vers 
856 4 0 |u http://acta.bibl.u-szeged.hu/51614/1/gyakorlati_1938_005_288-290.pdf  |z Dokumentum-elérés